| 000 | 00527nam a22001937a 4500 | ||
|---|---|---|---|
| 999 |
_c16956 _d16956 |
||
| 003 | OSt | ||
| 005 | 20180719120806.0 | ||
| 008 | 180719b ||||| |||| 00| 0 eng d | ||
| 020 | _a1559633913 | ||
| 040 | _aSEKU | ||
| 050 |
_aGF 50 _b.E26 2005 |
||
| 100 | _aCarpenter,Steve R | ||
| 245 |
_aEcosystems and the human well-being _cCarpenter, Steve R |
||
| 260 |
_bIsland Press _c2005 |
||
| 300 |
_a560p. _bill. |
||
| 500 | _aVol.2: Scenarios | ||
| 700 | _aPingali,L Prabhu, Bennet,Elena M, Zurek, Monika B | ||
| 942 |
_2lcc _cGEN |
||